Entrenadores del Real Madrid desde 2000/01 - Estadísticas

Estadísticas generales
  • Esta prueba ha sido intentada 1.012 veces
    156 desde el último reinicio
  • La puntuación promedio es 14 de 20
Estadísticas de respuestas
Temporada Partidos Entrenador % Correcto
2013/15 119 Carlo Ancelotti
99%
2021/25 234 Carlo Ancelotti
99%
2025/26 34 Xabi Alonso
99%
2016/18 149 Zinedine Zidane
99%
2019/21 114 Zinedine Zidane
99%
2010/13 178 José Mourinho
97%
2026/? ? Álvaro Arbeloa
96%
1999/2003 233 Vicente del Bosque
92%
2018 14 Julen Lopetegui
86%
2015/16 25 Rafa Benítez
86%
2018/19 32 Santiago Solari
86%
2009/10 48 Manuel Pellegrini
74%
2006/07 50 Fabio Capello
60%
2004 6 José Antonio Camacho
47%
2004/05 45 Vanderlei Luxemburgo
45%
2007/08 75 Bernd Schuster
41%
2008/09 27 Juande Ramos
32%
2003/04 59 Carlos Queiroz
29%
2005/06 24 Juan Ramón López Caro
21%
2004 20 Mariano García Remón
20%
No se encontraron pruebas coincidentes
Distribución de puntuación
Porcentaje de gente con cada puntuación
Porcentaje por número respondido
Historial de tus puntuaciones
No has intentado esta prueba desde el último reinicio